000 01163nam a2200253 i 4500
001 25671
003 ES-MaACL
005 20230906153318.0
007 t|
008 030102s1979 sp ||||1| spa d
020 _a84-00-04482-7
245 0 0 _aArchivo de la deuda y clases pasivas
_b: índice de jubilados : 1869-1911 /
_cpapeleteado y ordenado bajo la dirección de Vicente de Cadenas y Vicent ; por Luisa Marta Gismero ... [et al.].
260 _aMadrid :
_bInstituto Salazar y Castro (C.S.I.C.) :
_bHidalguía,
_c1979.
300 _a386 p. ;
_c26 cm.
500 _aEditada bajo el mecenazgo de la Asociación de Hidalgos a Fuero de España, con motivo del XXV aniversario de su fundación.
594 _aPrecede al Tit.: Instituto Salazar y Castro (C.S.I.C.)
610 1 4 _aEspaña.
_bDirección General de la Deuda y Clases Pasivas.
_bArchivo-
_vCatálogos.
_9164807
650 4 _aFuncionarios-
_zEspaña-
_yS.XIX.
_9164808
650 4 _aFuncionarios-
_zEspaña-
_yS.XX.
_9164809
700 1 _aCadenas y Vicent, Vicente de.
_933391
700 1 _aGismero, Luisa Marta.
_957344
710 2 _aInstituto Salazar y Castro.
_95230
852 _aES-MaACL
_jL-10377
999 _c25671
_d25671